000 00557nam a22001817a 4500
003 OSt
005 20260416030720.0
008 260416b |||||||| |||| 00| 0 eng d
040 _aDWC-Main lib.
_cOC
082 _aCirc.
100 _aColleta, Vincent P.
245 _aStudy guide and student solutions manual to accompany college physics/
_cVincent P. Colleta,
260 _aSt. Louis :
_bMosby,
_cc1995
300 _a346 p. :
_billustration :
_c28 cm.
650 _a1. Physics.
700 _aRhineheart, Martha
942 _2ddc
_cBK-CIRC
_hCirc.
_n0
999 _c9484
_d9484